00864pam a2200241 a 4500999001500000001000600015003000900021005001700030008004100047040002800088082001800116100003000134245013000164260003700294300003100331500002000362600004300382650002000425650001200445700002200457942001200479952013100491 c3999d399918521BD-DhUAP20200316121121.0200316s1996 enk 000 0 eng  aDLCcDLCdBD-DhUAPbEng00a821.7 COL2231 aColeridge, Samuel Taylor.10aSamuel Taylor Coleridge selected poems /cSamuel Taylor Coleridge ; edited with an introduction and notes by Richard Holmes. aLondon :bPenguin books,cc1996. axxxiv, 357 pages ;c22 cm. aIncludes index. aColeridge, Samuel Taylor, d1772-1834. aEnglish poetry. aNature. aHolmes, Richard. 2ddccBK 00102ddc4070aUAPCLbUAPCLcGeneral Stacksd2020-03-16l1o821.7 COLp3010018521r2024-09-08s2024-09-01t1w2020-03-16yBK